Central Library OPAC University of Rajshahi

Urban geography in developing countries : (Record no. 46700)

MARC details
000 -LEADER
fixed length control field 01135nam a2200277 a 4500
001 - CONTROL NUMBER
control field 46700
003 - CONTROL NUMBER IDENTIFIER
rucl marc code BD-RjUL
005 - DATE AND TIME OF LATEST TRANSACTION
control field 20211209054207.0
008 - FIXED-LENGTH DATA ELEMENTS--GENERAL INFORMATION
fixed length control field 160803s1973 ii ab b 101 0 eng
020 ## - INTERNATIONAL STANDARD BOOK NUMBER
Terms of availability Rs75.00 ($12.05 U.S.)
035 ## - SYSTEM CONTROL NUMBER
System control number (BD-RjUL)46819
040 ## - CATALOGING SOURCE
Original cataloging agency DLC
Transcribing agency DLC
Modifying agency BD-RjUL
Language of cataloging eng
041 ## - LANGUAGE CODE
Language code of text/sound track or separate title eng
082 00 - DEWEY DECIMAL CLASSIFICATION NUMBER
Classification number 301.3630954
Edition number 23
Author mark and year URB 1973
245 10 - TITLE STATEMENT
Title Urban geography in developing countries :
Remainder of title proceedings of I.G.U. Symposium no. 15, Varanasi, November 22-29, 1968 /
Statement of responsibility, etc. edited by R. L. Singh.
260 ## - PUBLICATION, DISTRIBUTION, ETC. (IMPRINT)
Place of publication, distribution, etc. Varanasi :
Name of publisher, distributor, etc. National Geographical Society of India,
Date of publication, distribution, etc. 1973.
300 ## - PHYSICAL DESCRIPTION
Pagination xxxv, 371 p. :
Illustrations ill., maps ;
Size 25 cm.
500 ## - GENERAL NOTE
General note Seal on t.p.: 21st International Geographical Congress, India, 1968. xxi Congres geographique international, Inde, 1968.
504 ## - BIBLIOGRAPHY, ETC. NOTE
Bibliography, etc Includes bibliographical references and index.
650 #0 - SUBJECT ADDED ENTRY--TOPICAL TERM
Topical term or geographic name as entry element Urban geography
Geographic subdivision India
General subdivision Congresses.
9 (RLIN) 142359
Topical term or geographic name as entry element Urban economics
General subdivision Congresses.
9 (RLIN) 142360
Topical term or geographic name as entry element Urbanization
Geographic subdivision India
General subdivision Congresses.
9 (RLIN) 142361
Topical term or geographic name as entry element Urban geography
Geographic subdivision Developing countries
General subdivision Congresses.
9 (RLIN) 142362
700 1# - ADDED ENTRY--PERSONAL NAME
Personal name Singh, R. L.
942 ## - ADDED ENTRY ELEMENTS (KOHA)
Source of classification or shelving scheme Dewey Decimal Classification
Koha item type Books
Holdings
Lost status Source of classification or shelving scheme Damaged status Not for loan Collection code Permanent Location Current Location Shelving location Date acquired Total Checkouts Full call number Date last seen Copy number Koha item type
  Dewey Decimal Classification     Non-fiction Central Library, University of Rajshahi Central Library, University of Rajshahi   27/11/1983   301.3630954 URB 1973 03/08/2016 C-2 Books